000 00853na a2200277 4500
001 23458
003 MIRAKIL
005 20181213155058.0
008 171002b tu 000 0
020 _a9786054511709
040 _aMilas
_btur
_cTR-AnCHP
041 _atur
082 _a320.5315
_bD95 2012
090 _a320.5315 D95 2012
245 _aDünya gündemine sosyal demokrat yaklaşımlar
_cçevirenler: Aydın Cıngı, Muharrem Açıkgöz
260 _aİstanbul
_bKalkedon Yayınları
_c2012
_fCeylan Matbaası
300 _a171 s.
_c21 sm.
440 _aKalkedon Yayıncılık
_v230
490 _aSodev Kitaplığı
_v11
650 _aSosyal demokrasi
650 _aDemokratik sistemler
650 _aSiyaset ve yönetim
_xTürkiye
700 _aAçıkgöz, Muharrem
_eçev.
700 _aCıngı, Aydın
_eçev.
942 _2ddc
_cBKS
999 _c6164
_d6164